000 01030nam a2200289 a 4500
001 000024727
005 20260114124842.0
008 110202s1995 sp a r 000 0 spa d
020 _a847640977X
040 _aDO-SdBNP
_bspa
_cBNPHU
041 1 7 _aspa
_halm
_2Código de idioma MARC
082 _a158.128
_bS531g
100 1 _aSharamon, Shalila
_950732
240 1 0 _aDas chakra handbuch.
_lEspañol.
245 1 0 _aEl gran libro de los chakras :
_bconocimiento y técnicas para despertar la energía interior /
_cShalila Sharamon y Bodo J. Baginski ; traducido por Eduardo Knörr.
260 _aMadrid, (España) :
_bEdaf,
_c1995.
300 _a238 p. :
_bil. ;
_c23 cm.
490 1 _aNueva Era
_v68
534 _aTítulo del original alemán:
_tDas chakra handbuch
650 0 _aMeditaciones
_95988
650 4 _aEjercicios espirituales
_98168
650 4 _aRetiros espirituales
_950501
700 1 _aBaginski, Bodo J.
_950733
700 1 _aKnörr, Eduardo
_etr.
_950734
830 0 _aNueva Era ;
_v68
_950735
049 _aBNGR
999 _c24220
_d24220